LEADER 01040nam0-2200337---450- 001 990009400320403321 005 20110719101235.0 010 $a9789630585910 035 $a000940032 035 $aFED01000940032 035 $a(Aleph)000940032FED01 035 $a000940032 100 $a20110719d2008----km-y0itay50------ba 101 0 $aeng 102 $aHU 105 $ay-------001yy 200 1 $aMorphology, biology and fertility of flowers in temperate zone fruits$fedited by J. Nyéki, M. Soltész and Z. Szabó 210 $aBudapest$cAkademiai Kiado$dc2008 215 $aix, 446 p.$d25 cm 610 0 $aPiante tropicali$aColtivazione 676 $a581.46$v20$zita 702 1$aNyéki,$bJózsef 702 1$aSoltész,$bMiklós 702 1$aSzabó,$bZoltán Gábor 801 0$aIT$bUNINA$gRICA$2UNIMARC 901 $aBK 912 $a990009400320403321 952 $a60 581.46 B 1$b12672$fFAGBC 959 $aFAGBC 996 $aMorphology, biology and fertility of flowers in temperate zone fruits$9765052 997 $aUNINA LEADER 01250nam0-2200373---450 001 990005616020203316 005 20190403124930.0 035 $a000561602 035 $aUSA01000561602 035 $a(ALEPH)000561602USA01 035 $a000561602 100 $a20000229d1994----|||y0itaa50------ba 101 $aeng 102 $aus 105 $a0 00||| 200 1 $aIslam and the political order$fMuhammad Said al-Ashmawy.- Washington$eThe Council for research in values and philosophy, 1994 210 $a116 p.$a23 cm. 225 2 $aCultural heritage and contemporary change. Series 2.A, Islam$fgeneral editor George McLean$v01 410 0$12001$aCultural heritage and contemporary change. Series 2.A, Islam$v01 606 $aSTATO$xCONCEZIONE ISLAMICA$2F 620 $dWASHINGTON 676 $a297.197 700 1$aALASHMAWY,$bMuhammad Said$0614979 801 0$aIT$bSA$c20111219 912 $a990005616020203316 950 0$aDipar.to di Filosofia - Salerno$dDFCC 306 CHCC-S.2.A$e3235 FIL 951 $aCC 306 CHCC-S.2.A$b3235 FIL 959 $aBK 969 $aFIL 979 $c20121027$lUSA01$h1525 979 $c20121027$lUSA01$h1614 996 $aIslam and the political order$91133642 997 $aUNISA NUM $aSA0005050